ကျေးဇူးရှင်ဆရာတော်ကြီးများ၏ဝိပဿနာရှုနည်း ၉နည်း / (Record no. 8704)

000 -LEADER
fixed length control field 00884nam a22002057a 4500
003 - CONTROL NUMBER IDENTIFIER
control field OSt
005 - DATE AND TIME OF LATEST TRANSACTION
control field 20260217194337.0
008 - FIXED-LENGTH DATA ELEMENTS--GENERAL INFORMATION
fixed length control field 220927b ||||| |||| 00| 0 eng d
040 ## - CATALOGING SOURCE
Original cataloging agency SSBUL
Transcribing agency SSBUL
082 ## - DEWEY DECIMAL CLASSIFICATION NUMBER
Edition number 23
Classification number ၂၉၄.၃၄၄၃၅
100 1# - MAIN ENTRY--PERSONAL NAME
Personal name ကျော်နန္ဒအောင်။
9 (RLIN) 12358
245 10 - TITLE STATEMENT
Title ကျေးဇူးရှင်ဆရာတော်ကြီးများ၏ဝိပဿနာရှုနည်း ၉နည်း /
Statement of responsibility, etc. ကျော်နန္ဒအောင်။
260 ## - PUBLICATION, DISTRIBUTION, ETC.
Place of publication, distribution, etc. ရန်ကုန် ၊
Name of publisher, distributor, etc. ပိဋကတ်ပုံနှိပ်တိုက်၊
Date of publication, distribution, etc. ၁၉၈၈။
300 ## - PHYSICAL DESCRIPTION
Extent ဏ၊ ၃၀၉ စာမျက်နှာ ၊
Dimensions ၂၃ စင်တီ။
500 ## - GENERAL NOTE
General note S-SAT: Dr. Sai Aung Tun
General note S-AC: Nun Asoka Cari
650 ## - SUBJECT ADDED ENTRY--TOPICAL TERM
Topical term or geographic name entry element ကမ္မဋ္ဌာန်း
942 ## - ADDED ENTRY ELEMENTS (KOHA)
Koha item type Book (Short term)
Source of classification or shelving scheme
Source of classification or shelving scheme
Holdings
Withdrawn status Lost status Source of classification or shelving scheme Damaged status Not for loan Collection code Permanent Location Current Location Shelving location Date acquired Total Checkouts Full call number Barcode Date last seen Price effective from Koha item type Accession
          Special Collections Shan State Buddhist University Library Shan State Buddhist University Library Special Collection Shelves 27/09/2022   ၂၉၄.၃၄၄၃၅ ကျော် ၁၅၂၇၅ S-AC MB00015275 27/09/2022 27/09/2022 Book (Short term) ၁၅၂၇၅ S-AC
          Special Collections Shan State Buddhist University Library Shan State Buddhist University Library Special Collection Shelves 01/11/2024   ၂၉၄.၃၄၄၃၅ ကျော် ၉၁၅၃ S-SAT MB00009153 18/02/2025 27/09/2022 Book (Short term) ၉၁၅၃ S-SAT

Library - 09407999929
Admin Office - 09407999979
Dean Office - 09250910768
Registrar Office - 09892297154
Email - [email protected]
Shan State Buddhist University, Phaya Phyu Taunggyi, Shan State, Myanmar.